Normal view
MARC view
- Davis, Howard,
Entry Personal Name
001 - CONTROL NUMBER
- control field: 558
003 - CONTROL NUMBER IDENTIFIER
- control field: DLC
005 - DATE AND TIME OF LATEST TRANSACTION
- control field: 20230816073004.0
008 - FIXED-LENGTH DATA ELEMENTS
- fixed length control field: 980504n| acannaab |n aaa
010 ## - LIBRARY OF CONGRESS CONTROL NUMBER
- LC control number: n 98041161
040 ## - CATALOGING SOURCE
- Original cataloging agency: DLC
- Transcribing agency: DLC
- Modifying agency: DLC
046 ## - SPECIAL CODED DATES
- Birth date: 19480416
100 1# - HEADING--PERSONAL NAME
- Personal name: Davis, Howard,
- Dates associated with a name: 1948-
373 ## - ASSOCIATED GROUP
- Associated group: University of Oregon
375 ## - GENDER
- Gender: male
377 ## - ASSOCIATED LANGUAGE
- Language code: eng
670 ## - SOURCE DATA FOUND
- Source citation: The culture of building, 1999:
- Information found: CIP t.p. (Howard Davis)
670 ## - SOURCE DATA FOUND
- Source citation: Phone call from author, May 04, 1998:
- Information found: (b. Apr. 16, 1948; other works: People rebuilding Berkeley, 1975 and The production of houses; employed at Univ. of Oregon)